| 000 | 00627nam a2200217Ii 4500 | ||
|---|---|---|---|
| 003 | JO-AjNU | ||
| 008 | 230606s9999||||xx |||||||||||||| ||und|| | ||
| 020 | _a978-0-07-008775-0 / 0-07-008775-X | ||
| 040 |
_aJO-AjNU _beng _erda _cJO-AjNU |
||
| 041 | _aeng | ||
| 050 | 1 | 4 | _aHF5686 2009 |
| 100 | 3 |
_aMurthy,A / Gurusa,A, _eauthor _9337 |
|
| 245 | 0 | 0 | _aCost Accounting |
| 250 | _a2 ed | ||
| 264 | 3 | 1 | _aNew Delhi: Tata McGraw-Hill Publishing Company Limited,2009 |
| 300 | _a178p | ||
| 336 |
_atext _btxt _2rdacontent |
||
| 337 |
_aunmediated _bn _2rdamedia |
||
| 338 |
_avolume _bnc _2rdacarrier |
||
| 650 | 4 |
_aCost Accounting _9338 |
|
| 999 |
_aE177 _c177 _d177 |
||